000 00884nas a2200253 4500
001 BR9206231
003 BR-BrBNA
005 20231205092912.0
007 ta
008 230509b bl.|||p| |||| 00| 00por d
040 _aBR-BrBNA
_bpor
_cBiblioteca Nacional de Agricultura
041 _a(Pt)
072 _aF70
100 1 _aSecco, R. de S.
100 1 _aSilva, S.M.B.
245 1 _aMateriaes para a flora Amazonica. 8: contribuicao a sistematica das Linaceae da Amazonia brasileira
246 1 _a[Material for Amazonian flora. 8: contribution to the systematic of the family Linaceae!
650 _aLINACEAE
650 _aTAXONOMIA VEGETAL
650 _aAMAZONIA
773 0 _tBoletim do Museu Paraense Emilio Goeldi. Serie Botanica (Brazil)
_xISSN 0077-2216
_g(Jul 1990), v. 6(1) p. 113-135
_wBR9206231
909 _a202311
_bLúcia
_c55
_dLúcia Elande
942 _2AGRIS
_n0
_cANA
999 _c134996
_d134996